00890nab a22001937a 4500003000400000005001700004008004100021040000700062100002300069245019900092300001300291505014200304505007200446650002300518650001400541650001300555700003100568773009700599OSt20260108011200.0190514b xxu||||| |||| 00| 0 spa d cPJ aGuisado, Paola M. 13aLa imposición del apellido paterno en los casos de reconocimiento tardío del padre o en los casos de determinación judicial de la filiación paterna /cPaola M. Guisado, Melisa L. Mirkin. ap. 35-44 aSumario: I. Introducción.— II. El apellido y la filiación. Breve repaso a través de la historia legislativa.— III. Conclusiones tSi te interesa el texto, comunicate a koha@justierradelfuego.gov.ar 0aDERECHO DE FAMILIA 0aFILIACION 0aAPELLIDO aMirkin, Melisa L.ecoautor0 02844dBuenos Aires : AbeledoPerrot, 1989-tDerecho de familia. N° 119 - Mayo 2025z18511201